| 000 | 00550nam a22001577a 4500 | ||
|---|---|---|---|
| 999 |
_c16389 _d16389 |
||
| 008 | 170321b xxu||||| |||| 00| 0 eng d | ||
| 040 |
_aKABU _cKABU |
||
| 050 |
_aThe HF5549.5 _b.W35 2016 C.1 |
||
| 100 | _aWalubuka, Elijah | ||
| 245 |
_aAnalysis of the of recruitment and selection practices on the performance of public universities in kenya _cby Elijah Walubuka |
||
| 260 | _c2016 | ||
| 300 | _axvii, 214 p. | ||
| 650 |
_aEmployee _vRecruiting |
||
| 650 | _aEmployee selection | ||
| 942 |
_2lcc _cTHE _hThe HF5549.5 _k.W35 2016 C.1 |
||